Statistiche per Elenca la formazione - Finale Mondiali 2006

Clicka qui per fare il quiz!

Statistiche generali

  • Questo quiz è stato fatto 67 volte
  • Il punteggio medio è 15 su 22

Statistiche sulle risposte

RuoloClub dell'epocaCalciatore% Corretto
PortiereJuventusGianluigi Buffon
98%
TrequartistaReal MadridZinédine Zidane
97%
AttaccanteRomaFrancesco Totti
95%
CentrocampistaMilanAndrea Pirlo
92%
DifensoreJuventusFabio Cannavaro
92%
DifensoreInterMarco Materazzi
92%
AttaccanteArsenalThierry Henry
85%
CentrocampistaMilanGennaro Gattuso
83%
DifensorePalermoFabio Grosso
82%
AttaccanteFiorentinaLuca Toni
82%
DifensoreJuventusGianluca Zambrotta
80%
PortiereOlympique MarsigliaFabien Barthez
75%
DifensoreJuventusLilian Thuram
72%
CentrocampistaJuventusMauro Germán Camoranesi
68%
CentrocampistaRomaSimone Perrotta
67%
CentrocampistaJuventusPatrick Vieira
50%
CentrocampistaChelseaClaude Makélélé
48%
AlaOlympique MarsigliaFranck Ribéry
45%
DifensoreBayern MonacoWilly Sagnol
40%
AlaOlympique LioneFlorent Malouda
37%
DifensoreOlympique LioneÉric Abidal
30%
DifensoreArsenalWilliam Gallas
28%

Distribuzione punteggi

Percentile per numero di risposta

Percentuale di utenti per punteggio

I tuoi punteggi nel tempo

Non hai fatto questo quiz